header

Pathogenesis of bacterial infections in animals (Record no. 859)

MARC details
000 -LEADER
fixed length control field 01237nam a2200313Ia 4500
245 00 - TITLE STATEMENT
Title Pathogenesis of bacterial infections in animals
250 ## - EDITION STATEMENT
Edition statement 3rd ed.
260 ## - PUBLICATION, DISTRIBUTION, ETC. (IMPRINT)
Place of publication Ames, Iowa :
Name of publisher Blackwell Pub.,
Year of publication c2004.
300 ## - PHYSICAL DESCRIPTION
Number of Pages xvii, 456 p. :
Other physical details ill.
650 #0 - SUBJECT ADDED ENTRY--TOPICAL TERM
Topical Term Bacterial diseases in animals.
Topical Term Communicable diseases in animals.
700 1# - ADDED ENTRY--PERSONAL NAME
Personal name Gyles, C. L.
856 40 - ELECTRONIC LOCATION AND ACCESS
Uniform Resource Identifier http://site.ebrary.com/lib/rucke/Doc?id=10287780

No items available.

© 2026 Rongo University
Contact us: librarian | system librarian | Rongo university